Seltene Flaggen der Welt - Statistiken

Allgemein
  • Dieses Quiz wurde 72 mal gespielt
    17 seit der letzten Aktualisierung
  • Das Durchschnittsergebnis liegt bei 12 aus 57
Answers on the Grid
Answers color-coded by a green-red scale on the quiz's grid according to % correct below.
Deutschland
Frankreich
Italien
Bhutan
Nepal
Polen
Kiribati
Eswatini
Belize
Österreich
Belgien
Mosambik
Burundi
Niederlande
Luxemburg
Eswatini
Brunei
Irland
Vanuatu
Kongo
Fidschi
Papua-Neuguinea
Russland
Tschechien
Ungarn
Tuvalu
Dänemark
Norwegen
Marshallinseln
Seychellen
Komoren
Schweden
St. Kittis und Nevis
Island
Schweiz
Dominica
Grenada
Finnland
St. Vincent und die Grenadinen
Antigua und Barbuda
Elfenbeinküste
Barbados
Sierra Leone
Mauretanien
Portugal
Bahamas
Bahrain
Suriname
Guyana
Paraguay
Bangladesch
Kasachstan
Mongolei
Bolivien
Ecuador
Südkorea
Turkmenistan
Brasilien
Chile
Usbekistan
Aserbaidschan
Mexiko
Georgien
Australien
Armenien
Kolumbien
Zypern
Peru
Nigeria
Sri Lanka
Malediven
Laos
Kambodscha
Rumänien
Vietnam
Osttimor
Angola
Südsudan
Madagaskar
Eritrea
Neuseeland
Kenia
Uganda
Bulgarien
Ruanda
Tansania
Tschad
Oman
Nordkorea
Algerien
Iran
Sambia
Simbabwe
Jemen
Indonesien
Slowakei
Südafrika
Benin
Botswana
Gabun
 
Antwortstatistiken
Antwort % Korrekt
Nepal
71%
Bhutan
64%
Brunei
64%
Eswatini
64%
Kiribati
64%
Eswatini
57%
Papua-Neuguinea
57%
Vanuatu
57%
Antigua und Barbuda
50%
Barbados
50%
Belize
43%
Dominica
43%
Fidschi
43%
Marshallinseln
43%
Mosambik
43%
St. Vincent und die Grenadinen
43%
Burundi
36%
Grenada
36%
Tuvalu
36%
Seychellen
29%
Kambodscha
21%
St. Kittis und Nevis
21%
Komoren
14%
Sri Lanka
14%
Südkorea
14%
Turkmenistan
14%
Angola
7%
Brasilien
7%
Kasachstan
7%
Kenia
7%
Mauretanien
7%
Mexiko
7%
Mongolei
7%
Nordkorea
7%
Oman
7%
Ruanda
7%
Sambia
7%
Simbabwe
7%
Südafrika
7%
Usbekistan
7%
Algerien
0%
Aserbaidschan
0%
Australien
0%
Eritrea
0%
Georgien
0%
Guyana
0%
Iran
0%
Malediven
0%
Neuseeland
0%
Nigeria
0%
Osttimor
0%
Paraguay
0%
Südsudan
0%
Suriname
0%
Tansania
0%
Uganda
0%
Vietnam
0%
Keine übereinstimmenden Quizze gefunden
Verteilung der Resultate
Anzahl Personen mit jedem Resultat
Perzentil nach korrekt beantworteten Fragen
Ihre Resultats-Entwicklung
Sie haben dieses Quiz seit der letzten Aktualisierung nicht gespielt